Hľadanie kvality e-learningu a nové technológie pri jeho implementácii

Kvalita e-learningu a niektoré používané modely. Úrovne hodnotenia podľa Kirkpatrikovho modelu. EFQM - European foundation for quality in elearning a modely kvality e-learningu. Technológia, ktorá podporuje kvalitu e-learningu - servisne orientovaná architektúra e-learningového systému.

Salvato in:
Dettagli Bibliografici
Autore principale: Kanáliková, Alžbeta, 1969-
Natura: Capitolo di libro
Lingua:slovacco
Soggetti:
Tags: Aggiungi Tag
Nessun Tag, puoi essere il primo ad aggiungerne!!

MARC

LEADER 00000nla$a2200000$$$4500
001 0145607
005 20240502072626.7
041 0 |a slo 
044 |a SK 
245 1 0 |a Hľadanie kvality e-learningu a nové technológie pri jeho implementácii  |c Alžbeta Kanáliková 
520 |a Kvalita e-learningu a niektoré používané modely. Úrovne hodnotenia podľa Kirkpatrikovho modelu. EFQM - European foundation for quality in elearning a modely kvality e-learningu. Technológia, ktorá podporuje kvalitu e-learningu - servisne orientovaná architektúra e-learningového systému. 
610 2 0 |a vzdelávanie elektronické 
610 2 0 |a kvalita 
610 2 0 |a technológie informačné 
610 2 0 |a technológie komunikačné 
610 2 0 |a počítače 
100 1 |a Kanáliková, Alžbeta, 1969-